Материалы Международной научно-технической интернет-конференции "Энергосберегающие процессы и аппараты в пищевых и химических производствах" ("ЭПАХПП-2011") (Запись № 2172192)

Подробности
000 -МАРКЕР
контрольное поле 02558nam0a2200361 4500
001 - ИДЕНТИФИКАТОР ЗАПИСИ
контрольное поле RU\NLR\bibl\1843058
005 - ИДЕНТИФИКАТОР ВЕРСИИ
контрольное поле 20260408053538.0
010 ## - МЕЖДУНАРОДНЫЙ СТАНДАРТНЫЙ НОМЕР КНИГИ (ISBN)
Номер (ISBN) 978-5-89448-858-5
Тираж 200
021 ## - НОМЕР ГОСУДАРСТВЕННОЙ РЕГИСТРАЦИИ
Код страны Российская Федерация
Номер 2011-90265
Номер Листа государственной регистраци 6460
035 ## - ДРУГИЕ СИСТЕМНЫЕ НОМЕРА
Идентификатор записи (NLR Aleph) 001833506
100 ## - ДАННЫЕ ОБЩЕЙ ОБРАБОТКИ
Данные общей обработки 20111205d2011 |||y0rusy50 ca
101 0# - ЯЗЫК РЕСУРСА
Язык текста, звукозаписи и т.д. русский
102 ## - СТРАНА ПУБЛИКАЦИИ ИЛИ ПРОИЗВОДСТВА
Страна публикации Российская Федерация
105 ## - ПОЛЕ КОДИРОВАННЫХ ДАННЫХ: ТЕКСТОВЫЕ МАТЕРИАЛЫ, МОНОГРАФИЧЕСКИЕ
Кодированные данные о монографическом текстовом документе ac |||||||||
200 1# - ЗАГЛАВИЕ И СВЕДЕНИЯ ОБ ОТВЕТСТВЕННОСТИ
Основное заглавие Материалы Международной научно-технической интернет-конференции "Энергосберегающие процессы и аппараты в пищевых и химических производствах" ("ЭПАХПП-2011")
Сведения, относящиеся к заглавию посвящается 50-летию кафедры "Процессы и аппараты химических и пищевых производств", 27-28 сентября 2011 года, г. Воронеж
210 ## - ПУБЛИКАЦИЯ, РАСПРОСТРАНЕНИЕ И ДР.
Место издания, распространения и т.д. Воронеж
Имя издателя, распространителя и т. д. ГОУ ВПО "Воронежская государственная технологическая академия"
Дата издания, распространения и т.д. 2011
215 ## - ФИЗИЧЕСКАЯ ХАРАКТЕРИСТИКА
Специфическое обозначение материала и объем 583 с.
Другие сведения о физической характеристике ил., цв. ил., портр.
Размеры 21
300 ## - ОБЩИЕ ПРИМЕЧАНИЯ
Текст примечания В надзаг.: М-во образования и науки Рос. Федерации, ГОУВПО "Воронежская гос. технол. акад."
320 ## - ПРИМЕЧАНИЯ О НАЛИЧИИ В ДОКУМЕНТЕ БИБЛИОГРАФИИ / УКАЗАТЕЛЯ
Текст примечания Библиогр. в конце докл.
606 1# - НАИМЕНОВАНИЕ ТЕМЫ КАК ПРЕДМЕТ
Наименование темы Химическое оборудование
Формальный подзаголовок Съезды, совещания и т.п.
Системный номер авторитетной/нормативной записи 2193469
Идентификатор авторитетной/нормативной записи RU\NLR\auth\661318429
606 1# - НАИМЕНОВАНИЕ ТЕМЫ КАК ПРЕДМЕТ
Наименование темы Пищевые предприятия
Формальный подзаголовок Съезды, совещания и т.п.
Тематический подзаголовок Оборудование
Системный номер авторитетной/нормативной записи 1250276
Идентификатор авторитетной/нормативной записи RU\NLR\auth\66194756
606 1# - НАИМЕНОВАНИЕ ТЕМЫ КАК ПРЕДМЕТ
Наименование темы Пищевые предприятия
Формальный подзаголовок Учебные издания для высших учебных заведений
Тематический подзаголовок Экономия электроэнергии
Системный номер авторитетной/нормативной записи 2145200
Идентификатор авторитетной/нормативной записи RU\NLR\auth\661292498
606 1# - НАИМЕНОВАНИЕ ТЕМЫ КАК ПРЕДМЕТ
Наименование темы Химические заводы
Формальный подзаголовок Съезды, совещания и т.п.
Тематический подзаголовок Экономия электроэнергии
Системный номер авторитетной/нормативной записи 1878113
Идентификатор авторитетной/нормативной записи RU\NLR\auth\661143828
686 ## - ИНДЕКСЫ ДРУГИХ КЛАССИФИКАЦИЙ
Индекс Л10-420.7я431(0)
686 ## - ИНДЕКСЫ ДРУГИХ КЛАССИФИКАЦИЙ
Индекс Л80-420.7я431(0)
710 12 - НАИМЕНОВАНИЕ ОРГАНИЗАЦИИ - ПЕРВИЧНАЯ ОТВЕТСТВЕННОСТЬ
Начальный элемент ввода "Энергосберегающие процессы и аппараты в пищевых и химических производствах", международная научно-техническая Интернет-конференция
Дата проведения временной организации 2011
Место проведения временной организации Воронеж
Идентификатор авторитетной/нормативной записи RU\NLR\AUTH\8810199892
Системный номер авторитетной/нормативной записи 288196
801 #0 - ИСТОЧНИК ЗАПИСИ
Страна Российская Федерация
Организация NLR
Дата составления 20111205
Правила каталогизации RCR
801 #1 - ИСТОЧНИК ЗАПИСИ
Страна Российская Федерация
Организация NLR
Дата составления 20111205
942 ## - ДОПОЛНИТЕЛЬНЫЕ ЭЛЕМЕНТЫ ЗАПИСИ (АБИС)
Тип экземпляра АБИС Книга
980 ## - КОЛЛЕКЦИЯ
Название коллекции Национальная библиография
980 ## - КОЛЛЕКЦИЯ
Название коллекции НБР
Экземпляры
Тип экземпляра Дата поступления Источник поступления Библиотека постоянного хранения Библиотека текущего хранения Место хранения Шифр хранения Штрих-код Статус экземпляра
Книга 05.12.2011 Обязательный экземпляр РНБ (Московский) РНБ (Московский) Русский книжный фонд: издания с 1957 года 2011-3/38598 3548989  
Книга 15.12.2011 Обязательный экземпляр РНБ (Московский) РНБ (Московский) Русский книжный фонд: издания с 1957 года 2011-3/38598 3559723